Phục hồi bảo vệ bề mặt kim loại bằng phun phủ

Sparad:
Bibliografiska uppgifter
Huvudupphovsman: Hoàng Tùng
Materialtyp: Bok
Språk:Undetermined
Publicerad: Hà Nội Trường Đại học Bách khoa Hà Nội 1994
Ämnen:
Taggar: Lägg till en tagg
Inga taggar, Lägg till första taggen!
Thư viện lưu trữ: Trung tâm Học liệu Trường Đại học Cần Thơ
LEADER 00540nam a2200169Ia 4500
001 CTU_35450
008 210402s9999 xx 000 0 und d
082 |a 671.7 
082 |b T513 
100 |a Hoàng Tùng 
245 0 |a Phục hồi bảo vệ bề mặt kim loại bằng phun phủ 
245 0 |c Hoàng Tùng 
260 |a Hà Nội 
260 |b Trường Đại học Bách khoa Hà Nội 
260 |c 1994 
650 |a metallurgy,plate-metal work 
980 |a Trung tâm Học liệu Trường Đại học Cần Thơ